书目信息 |
| 题名: |
水力学
|
|
| 作者: | 吴持恭 主编 | |
| 分册: | ||
| 出版信息: | 北京 高等教育出版社 1979 |
|
| 页数: | ||
| 开本: | ||
| 丛书名: | ||
| 单 册: | ||
| 中图分类: | TV14 | |
| 科图分类: | ||
| 主题词: | 河流--流体动力学 , 泥沙 | |
| 电子资源: | ||
| ISBN: | ||
| 000 | 00484nam0 2200181 450 | |
| 001 | 0736196517 | |
| 005 | 20070924100316.51 | |
| 010 | @d¥2.40 | |
| 100 | @a20070924d km y0chiy0120 ea | |
| 101 | 0 | @achi |
| 200 | 1 | @a水力学@Ashui li xue@f吴持恭 主编@Fwu chi gong zhu bian |
| 210 | @a北京@c高等教育出版社@d1979 | |
| 606 | 0 | @a河流@x流体动力学 |
| 606 | 0 | @a泥沙 |
| 690 | @aTV14@v3 | |
| 701 | 0 | @a吴持恭@Awu chi gong@4主编 |
| 801 | 0 | @aCN@bPFT@c20070924 |
| 905 | @a213230@dTV14@eZY3:1=2@f1 | |
| 水力学/吴持恭 主编.-北京:高等教育出版社,1979 |
| ISBN :¥2.40 |
| ● |
| 相关链接 |
|
|
|
|
正题名:水力学
索取号:TV14/ZY3:1=2
 
预约/预借
| 序号 | 登录号 | 条形码 | 馆藏地/架位号 | 状态 | 备注 |
| 1 | 7900819 | 279008191 | 资源管理系资料室/ [索取号:TV14/ZY3:1=2] | 在馆 |